=LDR 00000nam 2200000 4500 =001 NUTBA000000000006184 =005 20141125082838.0 =006 =007 =008 =020 ##$$a 978-602-8988-45-2 =035 ##$$a 0010-111400000000663 =040 ##$$a NBPDMAT =082 ##$$a 581.8 =090 ##$$a 581.8 $b Mar p =100 ##$$a Maria Suharsini =245 ##$$a pigmen kehidupan / $c Maria Suharsini =260 ##$$a Surabaya : $b Iranti Mitra Utama, $c 2011 =300 ##$$a vi, 76 hlm. : $b ilus. ; $c 20 cm. =650 ##$$a Pigemen (tanaman)